Rosco de Pasapalabra #12 - Estadísticas

Estadísticas generales
  • Esta prueba ha sido intentada 949 veces
  • La puntuación promedio es 11 de 25
Estadísticas de respuestas
Inicial Definición Respuesta % Correcto
F Pila o recipiente con desagüe donde se limpian los utensilios de cocina restregándolos con estropajo o cepillo Fregadero
90%
N Construcción hecha por los pájaros para depositar sus huevos y empollarlos Nido
90%
P Aro que se lleva como adorno alrededor de la muñeca Pulsera
88%
O Voz inglesa que se utiliza como expresión equivalente a 'de acuerdo' Ok
83%
G Receptáculo de materia flexible lleno de gas, que sirve de juguete para los niños o como decoración en fiestas Globo
82%
D Acción y efecto de eliminar el vello de alguien o de una parte de su cuerpo Depilación
81%
I Repetir o hacer hincapié en algo Insistir
75%
E Se dice de la persona que tiene buen gusto y distinción para vestir Elegante
74%
A Subir de un sitio a otro más alto Ascender
69%
T Parte de las matemáticas que se ocupa de la resolución de triángulos por medio del cálculo Trigonometría
69%
B Porción de humo que se echa de una vez cuando se fuma Bocanada
58%
S Cada establecimiento que tiene una empresa en lugares distintos, de menor importancia que la central Sucursal
51%
V Cumplimiento del plazo de una deuda o de una obligación Vencimiento
50%
C Pasta alimenticia de harina en forma de lámina cuadrada con la que se envuelve un relleno Canelón
45%
Contiene la Ñ Mechón de pelo enredado y desarreglado Greña
43%
Contiene la Q Asiento en que se sitúa el acusado ante el tribunal Banquillo
33%
Z Persona a quien se atribuye la facultad de descubrir lo oculto, especialmente manantiales subterráneos Zahorí
15%
J Prenda de vestir ceñida y ajustada al cuerpo que cubría desde los hombros hasta la cintura Jubón
14%
L Palabra o frase que se repite innecesariamente en la conversación Latiguillo
14%
U Especie de olimpiada en que sólo participan universitarios Universiada
13%
Contiene la X Momento de menor intensidad en el desarrollo de una acción; por ejemplo, en el teatro o el cine Anticlímax
7%
H Ciudad de Japón en la que se encuentra la fortaleza conocida como 'Castillo de la garza blanca' Himeji
2%
M Dar vueltas a la cuerda en el juego de la comba Menar
1%
R Copo de materia textil que se pone cada vez en la rueca Rocada
1%
Contiene la Y Apellido del cineasta que dirigió la película '36 horas culpable', de 1953 Tully
1%
No se encontraron pruebas coincidentes
Distribución de puntuación
Porcentaje de gente con cada puntuación
Porcentaje por número respondido
Historial de tus puntuaciones
No has intentado esta prueba.